Normal view
MARC view
Entry Personal Name
001 - CONTROL NUMBER
- control field: 6140
003 - CONTROL NUMBER IDENTIFIER
- control field: AM-YEHGA
005 - DATE AND TIME OF LATEST TRANSACTION
- control field: 20250617070504.0
008 - FIXED-LENGTH DATA ELEMENTS
- fixed length control field: 150206|| aca||aabn | a|a d
040 ## - CATALOGING SOURCE
- Original cataloging agency: AM-YEHGA
100 1# - HEADING--PERSONAL NAME
- Personal name: Արազյան, Բագրատ Ստեփանի,
- Dates associated with a name: 1879-1957
400 1# - SEE FROM TRACING--PERSONAL NAME
- Personal name: Аразян, Баграт Степанович,
- Dates associated with a name: 1879-1957
400 1# - SEE FROM TRACING--PERSONAL NAME
- Personal name: Arazyan Bagrat,
- Dates associated with a name: 1879-1957
670 ## - SOURCE DATA FOUND
- Source citation: Ով ով է. հայեր: Կենսագրական հանրագիտարան, հտ. 1, 2005
- Information found: էջ 151 (Արազյան Բագրատ Ստեփանի [1(13).9.1879, Երևան - 16.6.1957, Երևան], ճարտարապետ)։
- Uniform Resource Identifier: <a href=" http://uaa.am/members/1890-1914/arazyan-bagrat-stepanovich.HTML"target="_blank">Союз архитекторов Армении</a>
ՀՀ Գիտությունների ազգային ակադեմիայի հիմնարար գիտական գրադարան = Fundamental Scientific Library of NAS RA
All site content, except where otherwise noted, is licensed under a